Estadísticas para Países con la Elevación más Alta

Haz click aquí para tomar la prueba!

Estadísticas generales

  • Esta prueba ha sido tomada 1.950 veces
  • La puntuación promedio es 16 de 20

Estadísticas de respuestas

Montaña más altaPaís% Correcto
8848 mChina
98%
8848 mNepal
97%
8586 mIndia
94%
6190 mEstados Unidos
93%
6893 mChile
93%
5642 mRusia
92%
6960 mArgentina
92%
6768 mPerú
90%
5959 mCanadá
87%
6542 mBolivia
86%
8611 mPakistán
83%
7570 mBután
81%
5775 mColombia
81%
6267 mEcuador
80%
7492 mAfganistán
74%
7010 mKazajistán
72%
7495 mTayikistán
64%
7439 mKirguistán
63%
5892 mTanzania
61%
5881 mMyanmar
44%

Distribución de puntuación

Porcentaje por número respondido

Porcentaje de gente con cada puntuación

Historial de tus puntuaciones

No has tomado esta prueba